Statistics for Alaska Trivia

Click here to take the quiz!

General Stats

  • This quiz has been taken 9,442 times
  • The average score is 13 of 20

Answer Stats

Hint Answer % Correct
Capital cityJuneau
93%
Country from which Alaska
was purchased
Russia
93%
Biggest cityAnchorage
91%
Body of water to Alaska's west{Bering} Strait
83%
Primary exportOil
79%
Tallest mountain in North AmericaDenali
76%
Alaska's most notorious
"hockey mom"
Sarah Palin
75%
Canadian provinces and
territories bordered
Yukon
74%
Former name of the aboveMount McKinley
69%
Canadian provinces and territories borderedBritish Columbia
65%
Largest city in Alaska's interiorFairbanks
64%
Ship that spilled oil in 1989Exxon {Valdez}
64%
1,200 mile long island chainAleutian
63%
Year of statehood1959
61%
Famous sled-dog raceIditarod
58%
TV show set in Cicily, AlaskaNorthern {Exposure}
55%
What some called this purchaseSeward's {Folly}
51%
City where the above race endsNome
49%
Northernmost city in the U.S.Barrow
34%
Former capital / type of spruceSitka
22%

Score Distribution

Percentile by Number Answered

Percent of People with Each Score

Your Score History

You have not taken this quiz